000 01200nam a2200301 a 4500
999 _c347474
_d347474
003 BLK
005 20241101111000.0
008 200102b bu |||||r|||| 00| 0 bu d
020 _a9786191952113
040 _aBLK
041 _aBUL
_cBUL
080 _aМатематика
_b51
_x(035)
_z51(035)
100 _aГлендининг, Пол
_eпърви автор
_91299
139 _aГлендининг, Пол
_bГ 54
245 _aМатематиката накратко
_cПол Глендининг ; прев. Камен Велчев
260 _9214104
_aСофия
_bКнигомания
_c2019
_f([София] : Дедракс)
300 _a416 с.
_b с ил.
_c13 см
380 _a5
500 _aОриг. загл.: Maths minutes / Paul Glendinning. - Азб. показалец
650 7 _9175939
_aФормули, математически - учебни помагала
653 7 _9199471
_aформули
700 _aВелчев, Камен Петков
_d1974 -
_9333727
942 _cKNG
_n0
_s1
_011
944 _aCR
_c2020-01-02
_k30531
_lЦветелина Шанова
944 _aED
_c2020-06-30
_kГГГ
_l2020-06-30
999 _d347474
999 _d347474